| 000 -LEADER | |
|---|---|
| fixed length control field | 00411nam a22001457a 4500 |
| 020 ## - INTERNATIONAL STANDARD BOOK NUMBER | |
| ISBN | 0070383901 |
| 050 ## - LIBRARY OF CONGRESS CALL NUMBER | |
| Classification number | HF5625.5 |
| 100 ## - MAIN ENTRY--AUTHOR NAME | |
| Personal name | Hirsch, Mauvice |
| Personal name | Anderson, Rob |
| Personal name | Gabriel, Susan |
| 245 ## - TITLE STATEMENT | |
| Title | Communication for accountants: strategies for success |
| 260 ## - PUBLICATION, DISTRIBUTION, ETC. (IMPRINT) | |
| Place of publication | Boston |
| Name of publisher | Irwin/McGraw-Hill |
| Year of publication | 1999 |
| 300 ## - PHYSICAL DESCRIPTION | |
| Number of Pages | xii, 180p.:ill.,includes bibliographical references and index |
| 942 ## - ADDED ENTRY ELEMENTS (KOHA) | |
| Koha item type | Books |
| Koha item type | Collection code | Shelving location | Accession Number | Permanent Location | Current Location | Date acquired | Full call number |
|---|---|---|---|---|---|---|---|
| Books | Lending | Lending | 1300 | Chapman Library | Chapman Library | 2016-04-27 | HF5625.5hir |
| Books | Lending | Lending | 1901 | Chapman Library | Chapman Library | 2016-04-27 | HF5625.5hir |

